| 000 | 01016cam a22003011 4500 | ||
|---|---|---|---|
| 001 | 9849 | ||
| 003 | BD-RjUL | ||
| 005 | 20211208234841.0 | ||
| 008 | 140122s1968 nyua b 000 0 eng | ||
| 035 | _a(BD-RjUL)9894 | ||
| 040 |
_aDLC _cDLC _dDLC _dBD-RjUL _beng |
||
| 041 | 1 |
_aeng _hfre |
|
| 082 | 0 | 0 |
_a531 _218 _bARE 1968 |
| 100 | 1 |
_aArnolʹd, V. I. _q(Vladimir Igorevich), _d1937-2010. _930439 |
|
| 245 | 1 | 0 |
_aErgodic problems of classical mechanics / _cV. I. Arnold and A. Avez. |
| 260 |
_aNew York : _bBenjamin, _cc1968. |
||
| 300 |
_aix, 286 p. : _billus. ; _c24 cm. |
||
| 490 | 0 | _aThe Mathematical physics monograph series | |
| 500 | _aTranslation of Problèmes ergodiques de la mécanique classique. | ||
| 504 | _aBibliography: p. 271-281. | ||
| 650 | 0 |
_aDynamics. _930440 |
|
| 650 | 0 |
_aErgodic theory. _925386 |
|
| 700 | 1 |
_aAvez, A. _q(André), _ejoint author. _930441 |
|
| 942 |
_2ddc _cBK |
||
| 999 |
_c9849 _d9849 |
||